Condition of man (Record no. 374445)

000 -LEADER
fixed length control field 00332cam a22001337a 4500
008 - FIXED-LENGTH DATA ELEMENTS--GENERAL INFORMATION
fixed length control field 180718b1944 xxu||||| |||| 00| 0 eng d
082 ## - DEWEY DECIMAL CLASSIFICATION NUMBER
Classification number B13 M919
100 ## - MAIN ENTRY--PERSONAL NAME
Personal name Mumford, Lewis
245 ## - TITLE STATEMENT
Title Condition of man
Statement of responsibility, etc. by Lewis Mumford
260 ## - PUBLICATION, DISTRIBUTION, ETC.
Place of publication, distribution, etc. London
Name of publisher, distributor, etc. Secker & Warburg
Date of publication, distribution, etc. 1944
300 ## - PHYSICAL DESCRIPTION
Extent 467p.
500 ## - GENERAL NOTE
General note 25/-
650 ## - SUBJECT ADDED ENTRY--TOPICAL TERM
Topical term or geographic name entry element Community
Holdings
Withdrawn status Lost status Damaged status Not for loan Permanent Location Current Location Date acquired Full call number Barcode Date last seen Price effective from Koha item type
        Indian Institute of Public Administration Indian Institute of Public Administration 1994-06-27 B13 M919 10671 2018-07-21 2018-07-21 Book

Powered by Koha